Eurowizja Junior 2025 - Jaki to kraj? - Statystyki

Ogólne statystyki
  • Ten quiz został rozwiązany 127 razy
    123 od ostatniego zresetowania
  • Średni wynik to 5 z 9
Statystyki odpowiedzi
Kawałek Kraj % Poprawnych
Мота-мота Мота-мотаМота-мота Мота-мота Ukraina
95%
Ja dam ci ją Polska
95%
Fruta perime Të gjalla të zimePerime dhe fruta Të forta të buta Albania
94%
Miau, miau Sevgiylə doluMiau, miau Səhnəni yorur Azerbejdżan
94%
Donnez-moi tour l'amour Même celui qui s'éteintJe rallumerai le jour Et le monde de demain Francja
90%
So find your way, shine brighter than the sun The world is yours, so take it and run You are the brightest light, it's your time Polska
89%
Yağmurrr... Azerbejdżan
88%
I wanna fly up on my swing and I feel the rhythm My heart is beating right beyond the stars San Marino
78%
Ovo je priča o sreći kada se smije Czarnogóra
75%
Oh, I am a miracle (I am a miracle, I am a miracle) Oh, I am a miracle (I am a miracle, I am a miracle), oh
Macedonia Północna
68%
Ta-da-da-da-da-da, ta-da-da-da-da-da, ta-da-da-da Take it easy Holandia
65%
Vou guardar em mim Esta estante de memóriaÉ o lugar da nossa história Mesmo longe, estás aqui
Portugalia
59%
Doe wat je voelt Holandia
57%
E se sto mondo fa schifo Combatterò fino all'ultimo respiro Anche se sono un bambino
Włochy
57%
I can see the colours of my dreams I can feel a million lives on me A million lives on me Hiszpania
55%
Tarar arar ashkharhov Armenia
54%
Za svaki korak sam, dok čuva djelić sna Za kap iz oka dva, u kojoj ćuti strah Czarnogóra
53%
T'entends, je me bats Francja
53%
Bezbroj snova blista svud I ne postoje uzaludKad se spoje, gle Moguće je sve Chorwacja
50%
Θα χορεύω για πάντα εκεί Στον ρυθμό που μου δίνει η ζωή
Cypr
50%
Por mami na thotë jo
Albania
47%
Dá mbeinn in ann labhairt leat Mar a theastaíonn uaim Irlandia
45%
Together we rise — this is our song! Gruzja
43%
Como é que o amor… Portugalia
40%
Tar ver, depi astgher, yerazanknery mer tar ver Tar, vor anmar yerknakamary mez ta ser Armenia
39%
Smijehom oboje Chorwacja
36%
Shine like a star, let the world see, The fire inside, it's the best of me.
Gruzja
36%
Are you ready? I am ready, I am ready Włochy
36%
En Narnia, en Oz Hiszpania
35%
Појасно е, чудесно е Macedonia północna
35%
Save my life, don't leave me all alone Ukraina
35%
Ach an dath dearg Irlandia
30%
E non pensare a niente San marino
27%
If you hold me now Cypr
23%
It rumbles like thunder Malta
23%
Wish this moment lasts forever Take a picture to remember Malta
23%
Nie znaleziono quizów pasujących do podanych kryteriów
Rozkład punktacji
Procent ludzi z każdym wynikiem
Percentyl według liczby udzielonych odpowiedzi
Twoja historia wyników
Nie rozwiązałeś tego quizu od ostatniego zresetowania